• 首页
  • 本馆介绍
  • 公告通知
  • 最新文献
  • 馆藏检索
  • 电子资源
  • 读者导购
  • 参考咨询
  • 我的图书馆
  • 登录
  • 详细信息显示
  • 放入我的书架
  • 预约/预借图书
  • 作者相关作品
  • 分类相关作品
  • 丛书相关作品
  • 出版社相关作品

书目信息

  • 表格格式
  • 工作单格式
  • 卡片格式
题名:
小提琴练习曲36首
    
 
作者: 开塞 著
分册:  
出版信息: 北京   人民音乐出版社  1977
页数: 47页
开本: 26cm
丛书名:
单 册:
中图分类: J657.21
科图分类:
主题词: 外国音乐--作品 , 音乐--各国--作品
电子资源:
ISBN:
000 00682nam0 2200253 45
001 0177000144
005 20040510145918.2
010    @dCNY0.98
100    @a19951010e1977 em y0chiy0121 ea
101 1  @achi@cger
102    @aCN@b110000
105    @ag z 000yy
106    @ar
200 10 @a小提琴练习曲36首@Axiao ti qin lian xi qu 36 shou@e作品20@f(德)E.开塞著
205    @a影印本
210    @a北京@c人民音乐出版社@d1977
215    @a47页@d26cm
606 0  @a外国音乐@x作品
606 0  @a音乐@y各国@x作品
690    @aJ657.21
701  1 @a开塞@Akai sai@bE.@4著
801  0 @aCN@b广东省中山图书馆@c20040510
801  2 @aCN@bNLC@c20040510
905    @f1@b207871@dJ657.21@e120
    
    小提琴练习曲36首:作品20/(德)E.开塞著.-影印本.-北京:人民音乐出版社,1977
    47页;26cm
    
    
    ISBN :CNY0.98
    
●
相关链接 在E读中查询图书 在五车中查询图书 在当当中查询图书 在豆瓣中查询图书


正题名:小提琴练习曲36首     索取号:J657.21/120         预约/预借

序号 登录号 条形码 馆藏地/架位号 状态 备注
1 0207871   001228861   第一借阅区/ [索取号:J657.21/120] 在馆    
2 0207873   001688944   第一样本阅览室/ [索取号:J657.21/120] 在馆    
唐山师范学院图书馆 欢迎您!
大连网信软件有限公司© 版权所有